00547nam a22001937a 4500003000500000005001700005008004100022010001000063011001000073035001000083040000900093100002500102245002200127260009200149300001000241490003700251650002800288830003700316CHAP20220329134033.0971013s1968 r 00010 d a14455 a15427 a19503 cCHAP00aCastro Aranda, Hugo. aEducación media a(México) :bReunión Nacional de Ciencia y Tecnología en la Reforma Agraria,c1968 a22 h. aDocumento 4-40 (3) Ref./Agr. 1-214aEducación agrícola.0 aDocumento 4-40 (3) Ref./Agr. 1-2